Normal view
MARC view
- Burdett, G A T
Entry Personal Name
001 - CONTROL NUMBER
- control field: 7873
003 - CONTROL NUMBER IDENTIFIER
- control field: OSt
005 - DATE AND TIME OF LATEST TRANSACTION
- control field: 20260221110931.0
008 - FIXED-LENGTH DATA ELEMENTS
- fixed length control field: 260221|| aca||aabn | a|a d
040 ## - CATALOGING SOURCE
- Original cataloging agency: OSt
- Transcribing agency: OSt
100 ## - HEADING--PERSONAL NAME
- Personal name: Burdett, G A T
670 ## - SOURCE DATA FOUND
- Source citation: Work cat.: (OSt)3849: Burdett, G A T ., Automatic control handbook / , 1962.
